LEADER 01636nam 2200409Ia 450 001 996386391503316 005 20221108091336.0 035 $a(CKB)1000000000617319 035 $a(EEBO)2240914786 035 $a(OCoLC)9920472300971 035 $a(EXLCZ)991000000000617319 100 $a19950918d1603 uy | 101 0 $aeng 135 $aurbn||||a|bb| 200 10$aBy the King$b[electronic resource] $eas we haue euer from our infancie had manifold proofes of Gods great goodnes towards vs in his protecting of vs from many dangers of our person .. 210 $aImprinted at London $cBy Robert Barker, Printer to the Kings most Excellent Maiestie$dAnno 1603 215 $a2 leaves 300 $aOther title information from first 3 lines of text. 300 $aForbidding factious efforts to reform the church. 300 $a"Giuen vnder our hand at Wilton the twenty fourth day of October 1603. of our Reigne of England, France and Ireland the first, and of Scotland the thirty anb seuenth yeere." 300 $aImprint from colophon. 300 $aReproduction of original in: Society of Antiquaries. 330 $aeebo-0147 606 $aChurch and state$zEngland 606 $aPuritan movements$zEngland 607 $aGreat Britain$xHistory$yJames I, 1603-1625 607 $aGreat Britain$xChurch history$y17th century 615 0$aChurch and state 615 0$aPuritan movements 701 $aJames$cKing of England,$f1566-1625.$01001019 801 0$bEBK 801 1$bEBK 801 2$bWaOLN 906 $aBOOK 912 $a996386391503316 996 $aBy the King$92299281 997 $aUNISA LEADER 01849nas 2200613-a 450 001 996230250003316 005 20240114213020.0 011 $a2226-7220 035 $a(DE-599)ZDB2733893-9 035 $a(OCoLC)830993268 035 $a(CKB)2670000000334987 035 $a(CONSER)--2014243178 035 $a(EXLCZ)992670000000334987 100 $a20130219a20129999 --- - 101 0 $aeng 135 $aur||||||||||| 181 $ctxt$2rdacontent 182 $cc$2rdamedia 183 $acr$2rdacarrier 200 00$aAfrican journal of disability 210 $aDurbanville $cAOSIS OpenJournals 215 $a1 online resource 300 $aRefereed/Peer-reviewed 311 $a2223-9170 517 1 $aAJOD 531 $aAFR J DISABIL 531 0 $aAfr. j. disabil. 606 $aPeople with disabilities$zAfrica$vPeriodicals 606 $aPeople with disabilities$2fast$3(OCoLC)fst01057245 606 $aDiscapacitats$2thub 606 $aDisabled Persons 606 $aRehabilitation 607 $aAfrica$2fast$1https://id.oclc.org/worldcat/entity/E39PBJkHrMyfHC67yqRTycbrv3 607 $aAfrica 607 $aÀfrica$2thub 607 $aAfrica 608 $aPeriodicals.$2fast 608 $aFulltext. 608 $aInternet Resources. 608 $aPeriodicals. 608 $aPeriodical. 610 $aDisabilities 615 0$aPeople with disabilities 615 7$aPeople with disabilities. 615 07$aDiscapacitats. 615 12$aDisabled Persons. 615 22$aRehabilitation. 712 02$aCentre for Rehabilitation Studies. 712 02$aCenter for Disability and Rehabilitation Studies. 712 02$aAfrican Network for Evidence-to-Action in Disability. 906 $aJOURNAL 912 $a996230250003316 996 $aAfrican journal of disability$92141539 997 $aUNISA